000 00362nam a2200145 i 4500
001 bg
100 1 _aFAUSTYN, Ryszard
245 0 _aMaszyny i urządzenia w przemyśle szklarskim /
_cRyszard Faustyn.
260 _aWarszawa,
_c1980.
040 _cBPK
041 _apol
080 _a666.1/.2(075.8)
942 _cKS
008 s pl f |000 0 pol
999 _c19455
_d19455
856 _uhttp://koha.tu.koszalin.pl/cgi-bin/koha/opac-detail.pl?biblionumber=19455
_yKatalog online BPK